LEADER 01190nam a2200265 i 4500 001 991001114379707536 008 050623s1995 gw a b 010 0 ger d 020 $a3890859399 035 $ab13322643-39ule_inst 040 $aDip.to Studi Giuridici$bita 082 0 $a325.3143 245 00$aStudien zur Geschichte des deutschen Kolonialismus in Afrika :$bFestschrift zum 60. Geburtstag von Peter Sebald /$cPeter Heine, Ulrich von der Heyden (Hg.) 260 $aPfaffenweiler :$bCentaurus Verlagsgesellschaft,$c1995 300 $a582 p. ;$c21 cm. 500 $aContiene "Schriftenverzeichnis Peter Sebald" (p. [17]-19) 504 $aContiene riferimenti bibliografici 651 0$aGermania$xColonie$zAfrica 700 1 $aHeyden, Ulrich van der 700 1 $aHeine, Peter$eauthor$4http://id.loc.gov/vocabulary/relators/aut$0649250 907 $a.b13322643$b21-09-06$c23-06-05 912 $a991001114379707536 945 $aLE027 325.31 HEI01.01$g1$i2027000104215$lle027$o-$pE66.00$q-$rl$s- $t0$u1$v1$w1$x0$y.i14095774$z23-06-05 996 $aStudien zur Geschichte des deutschen Kolonialismus in Afrika$91461437 997 $aUNISALENTO 998 $ale027$b23-06-05$cm$da $e-$fger$ggw $h0$i0 LEADER 03753 am 2200709 n 450 001 9910633001203321 005 20240104030714.0 010 $a2-7574-3802-6 024 7 $a10.4000/books.septentrion.140664 035 $a(CKB)4100000012898288 035 $a(FrMaCLE)OB-septentrion-140664 035 $a(PPN)26636327X 035 $a(EXLCZ)994100000012898288 100 $a20221128j|||||||| ||| 0 101 0 $afre 135 $auu||||||m|||| 200 00$aParcours de vie$eLogiques individuelles, collectives et institutionnelles$fCatherine Négroni, Marc Bessin 210 $aVilleneuve-d?Ascq$cPresses universitaires du Septentrion$d2022 215 $a1 online resource (284 p.) 311 $a2-7574-3772-0 330 $aDans un contexte de reconfiguration des principales structures de socialisation, d?accroissement et d?apparition de nouvelles inégalités, les parcours de vie apparaissent de plus en plus incertains et hésitants. Cette évolution des normes institutionnelles entraîne une responsabilisation accrue des individus dans la conduite de leurs transitions biographiques, dans la construction du sens de leur trajectoire et de leur identité. Ainsi l?injonction à se raconter, à construire son parcours, à lui donner du sens, s?impose comme une norme pour certains individus. En particulier, le parcours devient l?outil privilégié de l?État social. Cet ouvrage se propose de montrer comment les logiques institutionnelles, les déterminations sociales et la réflexivité individuelle façonnent les parcours de vie et de leurs évolutions dans nos sociétés contemporaines. L?étude des parcours de vie nous conduit à réinterroger le c?ur même de ce qui fait la spécificité des objets en sciences sociales : le lien entre les dynamiques sociales et les actions individuelles et ouvre un espace de compréhension des tensions et mouvements qui animent la société civile. The life course becomes an essential part of public policies in Europe, spearhead of a neoliberal model of society that through the ?biographical injunction? promotes autonomy and freedom. This book proposes to reflect on the place of the life course in the scientific space and in the social space in civil society. 606 $aSociology 606 $aparcours de vie 606 $ainstitution 606 $alogiques institutionnelles 606 $ainjonction biographique 606 $alogiques collectives 606 $aindividualisation 606 $abiographie 606 $abiographisation 615 4$aSociology 615 4$aparcours de vie 615 4$ainstitution 615 4$alogiques institutionnelles 615 4$ainjonction biographique 615 4$alogiques collectives 615 4$aindividualisation 615 4$abiographie 615 4$abiographisation 700 $aBessin$b Marc$01287002 701 $aBidart$b Claire$0741481 701 $aBréant$b Hugo$01454393 701 $aBurnay$b Nathalie$01314654 701 $aCardon$b Philippe$01299641 701 $aD. Widmer$b Eric$01454394 701 $aGrossetti$b Michel$01301083 701 $aHippert$b Denis$01454395 701 $aLandour$b Julie$01454396 701 $aLemercier$b Élise$01323893 701 $aMarguin$b Séverine$01427593 701 $aNégroni$b Catherine$01454397 701 $aRobin$b Pierrine$01304080 701 $aSantelli$b Emmanuelle$01295291 701 $aSpini$b Dario$0748287 701 $aV. Constantin$b Sandra$01454398 701 $aZimmermann$b Bénédicte$01234967 701 $aBessin$b Marc$01287002 801 0$bFR-FrMaCLE 906 $aBOOK 912 $a9910633001203321 996 $aParcours de vie$93656886 997 $aUNINA LEADER 03811nam 22007335 450 001 9910298494703321 005 20200919230421.0 010 $a3-319-12667-9 024 7 $a10.1007/978-3-319-12667-8 035 $a(CKB)3710000000355367 035 $a(EBL)1963388 035 $a(SSID)ssj0001451882 035 $a(PQKBManifestationID)11801458 035 $a(PQKBTitleCode)TC0001451882 035 $a(PQKBWorkID)11478616 035 $a(PQKB)11493421 035 $a(DE-He213)978-3-319-12667-8 035 $a(MiAaPQ)EBC1963388 035 $a(PPN)184493935 035 $a(EXLCZ)993710000000355367 100 $a20150202d2015 u| 0 101 0 $aeng 135 $aur|n|---||||| 181 $ctxt 182 $cc 183 $acr 200 10$aFixed-Income Portfolio Analytics $eA Practical Guide to Implementing, Monitoring and Understanding Fixed-Income Portfolios /$fby David Jamieson Bolder 205 $a1st ed. 2015. 210 1$aCham :$cSpringer International Publishing :$cImprint: Springer,$d2015. 215 $a1 online resource (559 p.) 300 $aDescription based upon print version of record. 311 $a3-319-12666-0 320 $aIncludes bibliographical references and indexes. 327 $aWhat Is Portfolio Analytics?- From Risk Factors to Returns: Computing Exposures -- A Useful Approximation -- Extending Our Framework -- The Yield Curve: Fitting Yield Curves -- Modelling Yield Curves -- Performance: Basic Performance Attribution -- Advanced Performance Attribution -- Traditional Performance Attribution -- Risk: Introducing Risk -- Portfolio Risk -- Exploring Uncertainty in Risk Measurement -- Risk and Performance: Combining Risk and Return -- The Ex-Post World -- Appendix: Some Mathematical Background -- A Few Thoughts on Optimization -- Index. 330 $aThe book offers a detailed, robust, and consistent framework for the joint consideration of portfolio exposure, risk, and performance across a wide range of underlying fixed-income instruments and risk factors. Through extensive use of practical examples, the author also highlights the necessary technical tools and the common pitfalls that arise when working in this area. Finally, the book discusses tools for testing the reasonableness of the key analytics to help build and maintain confidence for using these techniques in day-to-day decision making. This will be of keen interest to risk managers, analysts and asset managers responsible for fixed-income portfolios.    . 606 $aFinance 606 $aEconomics, Mathematical  606 $aPersonal finance 606 $aPension plans 606 $aManagement 606 $aFinance, general$3https://scigraph.springernature.com/ontologies/product-market-codes/600000 606 $aQuantitative Finance$3https://scigraph.springernature.com/ontologies/product-market-codes/M13062 606 $aPersonal Finance/Wealth Management/Pension Planning$3https://scigraph.springernature.com/ontologies/product-market-codes/622000 606 $aManagement$3https://scigraph.springernature.com/ontologies/product-market-codes/515000 615 0$aFinance. 615 0$aEconomics, Mathematical . 615 0$aPersonal finance. 615 0$aPension plans. 615 0$aManagement. 615 14$aFinance, general. 615 24$aQuantitative Finance. 615 24$aPersonal Finance/Wealth Management/Pension Planning. 615 24$aManagement. 676 $a330 676 $a332.041 676 $a519 676 $a650 676 $a657.8333 676 $a658.152 700 $aBolder$b David Jamieson$4aut$4http://id.loc.gov/vocabulary/relators/aut$01059228 906 $aBOOK 912 $a9910298494703321 996 $aFixed-Income Portfolio Analytics$92504705 997 $aUNINA